| Tag |
First Indicator |
Second Indicator |
Subfields |
| LEADER |
00000pam a2200000 i 4500 |
| 001 |
in00000607721 |
| 005 |
20151014162641.0 |
| 008 |
770315s1977 ne a b 10010 eng |
| 010 |
|
|
|a 77004148
|
| 020 |
|
|
|a 9027707952
|
| 035 |
|
|
|a (OCoLC)02875279
|
| 035 |
|
|
|9 ACS2041AM
|
| 040 |
|
|
|a DLC
|c DLC
|d TXA
|d UtOrBLW
|
| 049 |
|
|
|a TXAM
|c [1537654]
|
| 050 |
0 |
0 |
|a QA164
|b .N37 1976
|
| 082 |
0 |
|
|a 511/.6
|
| 111 |
2 |
|
|a NATO Advanced Study Institute
|d (1976 :
|c Berlin)
|
| 245 |
1 |
0 |
|a Higher combinatorics :
|b proceedings of the NATO Advanced Study Institute held in Berlin (West Germany), September 1-10, 1976 /
|c edited by Martin Aigner.
|
| 264 |
|
1 |
|a Dordrecht, Holland ;
|a Boston :
|b D. Reidel Pub. Co.,
|c [1977]
|
| 264 |
|
4 |
|c ©1977
|
| 300 |
|
|
|a xiii, 256 pages :
|b illustrations ;
|c 25 cm.
|
| 336 |
|
|
|a text
|b txt
|2 rdacontent
|
| 337 |
|
|
|a unmediated
|b n
|2 rdamedia
|
| 338 |
|
|
|a volume
|b nc
|2 rdacarrier
|
| 490 |
1 |
|
|a NATO advanced study institutes series. Series C, Mathematical and physical sciences ;
|v 31
|
| 504 |
|
|
|a Includes bibliographies.
|
| 650 |
|
0 |
|a Combinatorial analysis
|v Congresses.
|
| 700 |
1 |
|
|a Aigner, Martin,
|d 1942-
|
| 830 |
|
0 |
|a NATO advanced study institutes series.
|n Series C,
|p Mathematical and physical sciences ;
|v 31.
|
| 999 |
|
|
|a MARS
|
| 999 |
f |
f |
|s 86cb027c-a825-365c-956b-2fc19744ae91
|i c6a5b5fa-c877-34d7-b79e-24a9be2a04b6
|t 0
|
| 952 |
f |
f |
|p ric
|a Texas A&M University
|b Rellis Campus
|c Joint Library Facility
|d Remote Storage
|t 0
|e QA164 .N37 1976
|h Library of Congress classification
|i unmediated -- volume
|m A14804476894
|
| 998 |
f |
f |
|a QA164 .N37 1976
|t 0
|l Remote Storage
|